00653nam a2200181 4500001000700000003000900007005001700016007000300033008004100036100002800077245008100105260006100186300002800247700002600275852003100301999001900332952012000351109760ES-MaACL20230906184915.0t|061121s1964 xxu r ||||1| eng d1 aO'Neill, Eugene.98635310aA collection of critical essays / cEugene O'Neill ; edited by John Gassner. aEnglewood Cliffs (New Jersey) : bPrentice Hall, c1964. aVIII, 180 p. ; c21 cm.1 aGassner, John.955921 aES-MaACLjG-8413 bR.66096 c109760d109760 00104070aATENEOMbATENEOMcSPP3d2008-01-17eSCl0oG-8413p1114522r2023-02-23 00:00:00w2023-02-23yMONOGRAFIA